Bilecik Bilecik Bilecik Bilecik Bilecik

Çevre sorunları/ (Record no. 9628)

MARC details
000 -BAŞLIK
Sabit Uzunluktaki Kontrol Alanı 01220nam a22003617a 4500
001 - KONTROL NUMARASI
Control Dosyası 0009656
003 - KONTROL NUMARASI KİMLİĞİ
Kontrol Alanı KOHA_MİRAKIL
005 - EN SON İŞLEM TARİHİ ve ZAMANI
Kontrol Alanı 20260207001716.0
007 - FİZİKSEL TANIM SABİT ALAN - GENEL BİLGİ
Sabit uzunluklu kontrol alanı ta
008 - SABİT UZUNLUKTAKİ VERİ ÖGELERİ - GENEL BİLGİ
Sabit Alan 091022b1983 tu |||gr||||#||||0|tur |
020 ## - ISBN - ULUSLARARASI STANDART KİTAP NUMARASI
Kullanılabilirlik koşulları 0,01
040 ## - KATALOGLAMA KAYNAĞI
Özgün Kataloglama Kurumu TR-BiSEU
Kataloglama Dili tur
Çeviri Kurumu TR-BiSEU
Açıklama Kuralları rda
041 0# - DİL KODU
Metin ya da ses kaydının dil kodu tur
044 ## - YAYINLAYAN/ÜRETEN KURULUŞUN ÜLKE KODU
ISO country code tu
050 ## - SINIFLAMA ve YER NUMARASI
Sınıflama Numarası TD174
Yer Numarası .Y38 1983
100 1# - KİŞİ ADI
Yazar Adı (Kişi adı) Yavuz, Fehmi.
245 1# - ESER ADI BİLDİRİMİ
Başlık Çevre sorunları/
Sorumluluk Bildirimi Fehmi Yavuz ; Fehmi Yavuz, Ruşen Keleş.
264 #1 - ÜRERİM, YAYIN, DAĞITIM ve TELİF BİLDİRİMİ
Yayın yeri Ankara :
Yayınlayan Ankara Üni. Siyasal Bilgiler Fak.
Yayın tarihi 1983
300 ## - FİZİKSEL TANIMLAMA
Sayfa, Cilt vb. vii, 320 sayfa: tablo; 25 cm.
336 ## - İÇERİK TÜRÜ
Content type term metin
Content type code txt
Source rdacontent
337 ## - MEDYA TÜRÜ
Media type term aracısız
Media type code n
Source rdamedia
338 ## - TAŞIYICI TÜRÜ
Carrier type term cilt
Carrier type code nc
Source rdacarrier
490 1# - DİZİ BİLDİRİMİ
Dizi Bildirimi Ankara Üniversitesi Siyasal Bilgiler Fakültesi yayınları ;
Cilt Numarası 534.
500 ## - GENEL NOT
Genel Not Kaynakça ve dizin var.
650 #0 - KONU BAŞLIĞI EK GİRİŞ - KONU TERİMİ
Konusal terim veya coğrafi ad Enviromental pollution.
9 (RLIN) 23869
650 #0 - KONU BAŞLIĞI EK GİRİŞ - KONU TERİMİ
Konusal terim veya coğrafi ad Enviromental pollution--Turkey.
9 (RLIN) 23870
650 #0 - KONU BAŞLIĞI EK GİRİŞ - KONU TERİMİ
Konusal terim veya coğrafi ad Enviromental policy--Turkey.
9 (RLIN) 23871
650 #0 - KONU BAŞLIĞI EK GİRİŞ - KONU TERİMİ
Konusal terim veya coğrafi ad Çevre kirliliği.
9 (RLIN) 23872
650 #0 - KONU BAŞLIĞI EK GİRİŞ - KONU TERİMİ
Konusal terim veya coğrafi ad Çevre kirliliği--Türkiye.
9 (RLIN) 23873
650 #0 - KONU BAŞLIĞI EK GİRİŞ - KONU TERİMİ
Konusal terim veya coğrafi ad Çevre politikası--Türkiye.
9 (RLIN) 18323
830 1# - SERİ EK GİRİŞİ - TEKBİÇİM ESER ADI
Tekbiçim Başlık Ankara Üniversitesi Siyasal Bilgiler Fakültesi yayınları ;
Volume number/sequential designation 534.
9 (RLIN) 9316
942 ## - EK GİRİŞ ÖGELERİ (KOHA)
Source of classification or shelving scheme Library of Congress Classification
Koha item type Book
Holdings
Materyal Türü Kalıcı Konum Mevcut Konum Raf Yeri Sınıflandırma Kaynağı Edinim Bilgisi Ana Konular Alt Konular Yer Numarası Demirbaş Numarası Fatura Tarihi Geri Çekilme Durumu Kayıp Durumu Hasarlı Durumu Kredi için değil Kayıt Tarih Toplam Ödünçverme Son Görülme Tarihi Son Kontrol Tarihi Genel / Bağış Notu
Book Prof. Dr. Azmi Özcan Kütüphanesi Prof. Dr. Azmi Özcan Kütüphanesi Birûni Salonu Library of Congress Classification Bağış TEKNOLOJİ Çevre Teknolojisi, Sıhhi Mühendislik TD174 .Y38 1983 0009656 13/08/2010         22/10/2009 6 05/12/2024 05/12/2024 Genel Bağış